000 00754nam a2200217Ii 4500
003 JO-AjNU
008 230605s9999||||xx |||||||||||||| ||und||
017 _a1993/8577
020 _a977-271-066-8
040 _aJO-AjNU
_bara
_erda
_cJO-AjNU
041 _aara
050 1 4 _aQA39.3 A565
100 3 _aمنصور ، عاطف,
_eauthor
_916666
245 0 0 _aمكتتبة الاسرة في الرياضيات تنمية المهارات الاساسية في الرياضيات للناشئين ج3
264 3 1 _aالقاهرة:ابن سينا ، 2010
300 _a268ص
336 _atext
_btxt
_2rdacontent
337 _aunmediated
_bn
_2rdamedia
338 _avolume
_bnc
_2rdacarrier
650 4 _aالرياضيات -دراسة وتعليم
_916667
999 _aA4990
_c8558
_d8558